01276nam a22003014a 4500001001200000003000800012006001900020007001500039008004100054010001700095020001500112040002100127035002000148050002600168082001400194245023200208260005600440300001600496504005400512533015200566650001900718650003500737650001300772655002900785710001700814856012600831999001700957ebr10032419CaPaEBRm u cr cn|||||||||020130s2002 dcu sb 000 0 eng  z 2002001567 z0309076374 aCaPaEBRcCaPaEBR a(OCoLC)5285905514aRG133.5b.S385 2002eb04a612.622100aScientific and medical aspects of human reproductive cloningh[electronic resource] /cCommittee on Science, Engineering, and Public Policy, National Academy of Sciences, National Academy of Engineering, Institute of Medicine. aWashington, D.C. :bNational Academy Press,cc2002. axxi, 272 p. aIncludes bibliographical references (p. 154-257). aElectronic reproduction.bPalo Alto, Calif. :cebrary,d2013.nAvailable via World Wide Web.nAccess may be limited to ebrary affiliated libraries. 0aHuman cloning. 0aHuman reproductive technology. 0aCloning. 7aElectronic books.2local2 aebrary, Inc.40uhttp://site.ebrary.com/lib/rucke/Doc?id=10032419zAn electronic book accessible through the World Wide Web; click to view c63055d63055